000
00324nam a22001457a 4500
008
210429b ||||| |||| 00| 0 eng d
020
_a
9780060469375
041
_a
eng
080
_2
4th
_a
330.101.541
082
_a
330.101.541
100
_a
52
101
_a
MAK
245
_a
Macroeconomics
_c
Waud,R.N
942
_2
udc
_c
BK
999
_c
56988
_d
56988